Statistics for 100 Digits of Pi in 30 Seconds!

Click here to take the quiz!

General Stats

  • This quiz has been taken 390 times
  • The average score is 54 of 100

Answer Stats

Answer% Correct
3
100%
1
99%
1
98%
4
98%
5
97%
2
95%
3
95%
5
95%
6
95%
9
95%
5
93%
8
91%
9
91%
7
90%
9
89%
3
86%
2
85%
3
85%
8
84%
4
82%
2
81%
6
81%
6
81%
4
79%
3
77%
3
75%
3
75%
8
75%
2
74%
7
72%
9
69%
0
68%
5
68%
2
67%
8
67%
8
65%
4
64%
1
63%
9
62%
7
61%
1
60%
6
59%
3
57%
9
57%
9
55%
9
55%
3
54%
1
53%
5
53%
7
53%
0
50%
2
45%
5
45%
8
45%
0
44%
4
44%
4
44%
7
44%
9
44%
9
44%
4
41%
5
39%
9
38%
2
37%
3
37%
0
36%
7
35%
8
35%
1
34%
0
32%
4
32%
6
32%
6
32%
2
30%
8
30%
6
29%
2
28%
0
26%
8
25%
8
25%
9
25%
9
25%
2
24%
6
24%
8
24%
0
23%
2
22%
3
22%
4
22%
8
22%
3
21%
4
21%
5
21%
1
20%
2
20%
1
19%
7
19%
0
17%
6
17%
7
17%

Score Distribution

Percentile by Number Answered

Percent of People with Each Score

Your Score History

You have not taken this quiz